The complete flower arranger

Bibliographic Details
Main Author: WESTLAND, Pamela
Format: Book
Published: London : Aness Publishing , 1992
Subjects:

MARC

LEADER 00000cam a2200000 7i4500
001 0000002572
002 000002799
005 20000330.0
020 |a 1873762100 
090 0 0 |a 745.92   |b WES 
100 1 |a WESTLAND, Pamela 
245 1 4 |a The complete flower arranger   |c Pamela Westland 
260 |a London :   |b Aness Publishing ,   |c 1992 
300 |a 256p. :   |b ill ;   |c 28cm. 
650 0 0 |a Flower arrangement 
999 |a 036248   |b BUKU   |c PINJAMAN   |e PERPUSTAKAAN KOMUNITI PETALING JAYA